Kalibův zločin /
Kalibův zločin je román Karla Václava Raise. Poprvé byl vydán časopisecky roku 1892 ve Světozoru a knižně vyšel v roce 1895. Patří mezi autorova klasická díla. Svůj námět čerpá z života podhorské vesnice, jak je u Raise zvykem, a zobrazuje všední problematiku soužití slabších se silnějšími a různých...
Uloženo v:
| Hlavní autor: | |
|---|---|
| Médium: | E-kniha |
| Jazyk: | Czech |
| Vydáno: |
Praha :
Artis,
2023
|
| Tagy: |
Žádné tagy |
| LEADER | 01476nam a22002297i 4500 | ||
|---|---|---|---|
| 001 | 312146 | ||
| 007 | ta | ||
| 008 | 260601s2023 xr ||||| |||| 00| 0 cze d | ||
| 020 | |a 9990003894427 | ||
| 044 | |a xr | ||
| 100 | 1 | |a Rais, Karel Václav |4 aut | |
| 245 | 1 | 0 | |a Kalibův zločin / |c Rais, Karel Václav |
| 264 | 1 | |a Praha : |b Artis, |c 2023 | |
| 300 | |a 1 online zdroj (141 stran) | ||
| 336 | |a text |b txt |2 rdacontent | ||
| 337 | |a bez média |b n |2 rdamedia | ||
| 338 | |a online zdroj |b cr |2 rdacarrier | ||
| 520 | 2 | |a Kalibův zločin je román Karla Václava Raise. Poprvé byl vydán časopisecky roku 1892 ve Světozoru a knižně vyšel v roce 1895. Patří mezi autorova klasická díla. Svůj námět čerpá z života podhorské vesnice, jak je u Raise zvykem, a zobrazuje všední problematiku soužití slabších se silnějšími a různých generací v jedné chalupě. Příběh velice realisticky až naturalisticky odkrývá lidskou zlobu a chytá za srdce. Čtenář bude trpět společně s hlavním hrdinou. Evidentní důkaz, že tchyně jsou největší zlo už desítky let. | |
| 910 | |a RBIT002 | ||
| 998 | |d 389442 |a https://core.palmknihy.cz/api/books/389442/cover?s2m1q1 |b https://core.palmknihy.cz/api/books/389442/cover/400?s2m1q1 |c https://core.palmknihy.cz/api/books/389442/cover/50?s2m1q1 |e 2099-12-01 |g 141 |i 9990003894427 |j https://core.palmknihy.cz/api/books/389442/preview.epub |l |q 49 |r 1 |s https://www.palmknihy.cz/kniha/389442 |t ebook |y 2023 |z 1 | ||
| 999 | |d 312144 | ||